Films Mission: Impossible - Statistiques

Statistiques générales
  • Ce quiz a été pris 217 fois
    130 depuis la dernière actualisation
  • Le résultat moyen est 4 sur 8
Statistiques - réponses
Année de sortie Réponse % Correct
1996 Mission: Impossible
100%
2000 Mission: Impossible 2
90%
2018 Mission: Impossible - Fallout
65%
2011 Mission: Impossible - Protocole Fantôme
59%
2015 Mission: Impossible - Rogue Nation
55%
2025 Mission: Impossible - Final Reckoning
24%
2006 Mission: Impossible III
18%
2023 Mission: Impossible - Dead Reckoning Partie 1
15%
Aucun quiz correspondant
Distribution des résultats
% des personnes avec chaque résultat
Percentile par nombre de réponses
Votre historique - résultats
Vous n’avez pas pris ce quiz depuis la dernière actualisation